000
00294nam a22001337a 4500
008
180111b xxu||||| |||| 00| 0 eng d
020
_a
0915144867
041
_a
eng
080
_a
321
100
_a
19
101
_a
SHP
245
_a
Second Treatise of Government
_c
Locke, J
942
_2
udc
_c
BK
999
_c
40066
_d
40066